Optimalizácia procesov výroby a kontroly klimatizačných jednotiek využitím nástrojov a metód manažérstva kvality vo vybranom podniku
Saved in:
| Main Author: | |
|---|---|
| Other Authors: | |
| Format: | Manuscript Book |
| Language: | Slovak |
| Published: |
2015
|
| Subjects: | |
| Online Access: | http://is.stuba.sk/zp/portal_zp.pl?podrobnosti=110201 |
| Tags: |
No Tags, Be the first to tag this record!
|
MARC
| LEADER | 00000ntm a22000003a 4500 | ||
|---|---|---|---|
| 001 | stuzp51654 | ||
| 003 | SK-STU | ||
| 005 | 20160719153927.6 | ||
| 007 | ta | ||
| 008 | 150427s2015----xo-----f-mn---000-0-slo-d | ||
| 040 | |a STU |b slo | ||
| 041 | 0 | |a slo | |
| 100 | 1 | |a Janegová, Barbora |u 065000 |4 aut |U MTF Materiálovotechnologická fakulta |T MTF Ústav bezpečnosti, environmentu a kvality |X 6664 |U M5000 |Y 85 |7 A000006664 | |
| 242 | 0 | 1 | |a Process optimization of production and control of air conditioners using tools and methods of quality management in selected enterprises |y eng |
| 245 | 1 | 0 | |a Optimalizácia procesov výroby a kontroly klimatizačných jednotiek využitím nástrojov a metód manažérstva kvality vo vybranom podniku |
| 260 | |c 2015 | ||
| 650 | 4 | |a optimalizácia |2 slo | |
| 650 | 4 | |a proces |2 slo | |
| 650 | 4 | |a nezhoda |2 slo | |
| 650 | 4 | |a non conformity |2 eng | |
| 650 | 4 | |a process |2 eng | |
| 650 | 4 | |a optimization |2 eng | |
| 700 | 1 | |a Koblen, Ivan |4 ths |X 77556 |7 77556 | |
| 856 | 4 | |u http://is.stuba.sk/zp/portal_zp.pl?podrobnosti=110201 | |
| 996 | |c M* DP-12543 |l MMSKP |s P |a 0 |w stuzp51654_0001 | ||
| SQL | |a stuzp51654 |b DDP |c SLO |d Optimalizácia procesov výroby a kontroly klimatizačných jednotiek využitím nástrojov a metód manažérstva kvality vo vybranom podniku |e 6664 |f Janegová, Barbora |g 065000 |h 77556 |i Koblen, Ivan |j 20150610 |k 183 |l 06 |m http://is.stuba.sk/zp/portal_zp.pl?podrobnosti=110201 |n I-IKP |o 5.2.57. kvalita produkcie | ||